Catholic University of Zimbabwe Library
Online Public Access Catalogue
(OPAC)

Citizenship in Question (Record no. 25191)

MARC details
000 -LEADER
fixed length control field 03062cam a22004814a 4500
001 - CONTROL NUMBER
control field muse73540
003 - CONTROL NUMBER IDENTIFIER
control field MdBmJHUP
005 - DATE AND TIME OF LATEST TRANSACTION
control field 20210127151246.0
006 - FIXED-LENGTH DATA ELEMENTS--ADDITIONAL MATERIAL CHARACTERISTICS
fixed length control field m o d
007 - PHYSICAL DESCRIPTION FIXED FIELD--GENERAL INFORMATION
fixed length control field cr||||||||nn|n
008 - FIXED-LENGTH DATA ELEMENTS--GENERAL INFORMATION
fixed length control field 160611s2017 ncu o 00 0 eng d
010 ## - LIBRARY OF CONGRESS CONTROL NUMBER
Canceled/invalid LC control number 2016026992
020 ## - INTERNATIONAL STANDARD BOOK NUMBER
International Standard Book Number 9780822373483
020 ## - INTERNATIONAL STANDARD BOOK NUMBER
Canceled/invalid ISBN 9780822362807 (hardcover : alk. paper)
020 ## - INTERNATIONAL STANDARD BOOK NUMBER
Canceled/invalid ISBN 9780822362913 (pbk. : alk. paper)
035 ## - SYSTEM CONTROL NUMBER
System control number (OCoLC)1103684062
040 ## - CATALOGING SOURCE
Original cataloging agency MdBmJHUP
Transcribing agency MdBmJHUP
050 04 - LIBRARY OF CONGRESS CALL NUMBER
Classification number JF801
Item number .C573525 2017
082 0# - DEWEY DECIMAL CLASSIFICATION NUMBER
Classification number 323.6
Edition number 23
245 00 - TITLE STATEMENT
Title Citizenship in Question
Remainder of title Evidentiary Birthright and Statelessness /
Statement of responsibility, etc. Benjamin N. Lawrance & Jacqueline Stevens, editors.
264 #1 - PRODUCTION, PUBLICATION, DISTRIBUTION, MANUFACTURE, AND COPYRIGHT NOTICE
Name of producer, publisher, distributor, manufacturer Duke University Press,
264 #3 - PRODUCTION, PUBLICATION, DISTRIBUTION, MANUFACTURE, AND COPYRIGHT NOTICE
Name of producer, publisher, distributor, manufacturer Project MUSE,
300 ## - PHYSICAL DESCRIPTION
Extent 1 online resource (xvi, 287 pages)
504 ## - BIBLIOGRAPHY, ETC. NOTE
Bibliography, etc. note Includes bibliographical references (pages 247-273) and index.
505 0# - FORMATTED CONTENTS NOTE
Formatted contents note Jus soli and statelessness : a comparative perspective from the Americas / Polly J. Price -- The politics of evidence : Roma citizenship deficits in Europe / Jacqueline Bhabha -- Statelessness-in-question : expert testimony and the evidentiary burden of statelessness / Benjamin N. Lawrance -- Reproducing uncertainty : documenting contested sovereignty and citizenship across the Taiwan Strait / Sara L. Friedman -- What is a "real" Australian citizen? : insights from Papua New Guinea and Mr. Amos Ame / Kim Rubenstein with Jacqueline Field -- To know a citizen : birthright citizenship documents regimes in U.S. history / Beatrice McKenzie -- From the outside looking in : U.S. passports in the Borderlands / Rachel E. Rosenbloom -- Problems of evidence, evidence of problems : expanding citizenship and reproducing statelessness among Highlanders in northern Thailand / Amanda Flaim -- Limits of legal citizenship : narratives from South and Southeast Asia / Kamal Sadiq -- American birthright citizenship rules and the exclusion of "outsiders" from the political community / Margaret D. Stock -- Ivoirite and citizenship in Ivory Coast : the controversial policy of authenticity / Alfred Babo -- The alien who Is a citizen / Jacqueline Stevens.
506 0# - RESTRICTIONS ON ACCESS NOTE
Terms governing access Open Access
Standardized terminology for access restriction Unrestricted online access
Source of term star
588 ## - SOURCE OF DESCRIPTION NOTE
Source of description note Description based on print version record.
650 #0 - SUBJECT ADDED ENTRY--TOPICAL TERM
Topical term or geographic name entry element Belonging (Social psychology)
General subdivision Political aspects.
650 #0 - SUBJECT ADDED ENTRY--TOPICAL TERM
Topical term or geographic name entry element Asylum, Right of.
650 #0 - SUBJECT ADDED ENTRY--TOPICAL TERM
Topical term or geographic name entry element Statelessness.
650 #0 - SUBJECT ADDED ENTRY--TOPICAL TERM
Topical term or geographic name entry element Citizenship.
655 #7 - INDEX TERM--GENRE/FORM
Genre/form data or focus term Electronic books.
Source of term local
700 1# - ADDED ENTRY--PERSONAL NAME
Personal name Stevens, Jacqueline,
Dates associated with a name 1962-
Relator term editor.
700 1# - ADDED ENTRY--PERSONAL NAME
Personal name Lawrance, Benjamin N.
Fuller form of name (Benjamin Nicholas),
Relator term editor.
776 18 - ADDITIONAL PHYSICAL FORM ENTRY
Relationship information Online version:
Title Citizenship in question
Place, publisher, and date of publication Durham : Duke University Press, 2016
International Standard Book Number 9780822373483
Record control number (DLC) 2016028137
710 2# - ADDED ENTRY--CORPORATE NAME
Corporate name or jurisdiction name as entry element Project Muse.
Relator term distributor
830 #0 - SERIES ADDED ENTRY--UNIFORM TITLE
Uniform title Book collections on Project MUSE.
856 40 - ELECTRONIC LOCATION AND ACCESS
Public note Full text available:
Uniform Resource Identifier <a href="https://muse.jhu.edu/book/64054/">https://muse.jhu.edu/book/64054/</a>
Holdings
Withdrawn status Lost status Source of classification or shelving scheme Damaged status Not for loan Home library Current library Shelving location Date acquired Total Checkouts Full call number Date last seen Uniform Resource Identifier Price effective from Koha item type
          Digital Library Digital Library Online Access 27.01.2021   JF801 .C573525 2017 27.01.2021 https://muse.jhu.edu/book/64054/ 27.01.2021 eBook

OPENING HOURS

Weekdays: 0815hrs - 1800hrs
Weekends:0900hrs - 1200hrs

Closed for Mass:

Mon, Thur: 1200hrs - 1300hrs
Sunday & Public Holiday’s

CALL SUPPORT

0242-570570, 0242-570169
09200664, +263 8644140602

LOCATION

18443, Cranborne Avenue, Hatfield, Harare

Other Links


©2021 | CUZ Library